Títulos honoríficos en Flandes (Record no. 25311)
[ view plain ]
| 000 -LEADER | |
|---|---|
| campo de control de longitud fija | 00487nam a2200157 i 4500 |
| 001 - NÚMERO DE CONTROL | |
| campo de control | 25311 |
| 003 - IDENTIFICADOR DE NÚMERO DE CONTROL | |
| campo de control | ES-MaACL |
| 005 - FECHA Y HORA DE LA ÚLTIMA TRANSACCIÓN | |
| campo de control | 20230906153232.0 |
| 007 - CAMPO FIJO DE DESCRIPCIÓN FÍSICA--INFORMACIÓN GENERAL | |
| campo de control de longitud fija | t| |
| 008 - DATOS DE LONGITUD FIJA--INFORMACIÓN GENERAL | |
| campo de control de longitud fija | 021223s1959 sp ||||1| spa d |
| 100 1# - ENTRADA PRINCIPAL--NOMBRE DE PERSONA | |
| Nombre de persona | Aranegui y Coll, Manuel de. |
| 9 (RLIN) | 22298 |
| 245 10 - MENCIÓN DEL TÍTULO | |
| Título | Títulos honoríficos en Flandes |
| Resto del título | : 1702-1712 / |
| Mención de responsabilidad, etc. | Manuel de Aranegui y Coll. |
| 260 ## - PUBLICACIÓN, DISTRIBUCIÓN, ETC. | |
| Lugar de publicación, distribución, etc. | Vitoria : |
| Nombre del editor, distribuidor, etc. | [s.n., |
| Fecha de publicación, distribución, etc. | 1959] ( |
| Fabricante | Imp. Montepío Diocesano) |
| 300 ## - DESCRIPCIÓN FÍSICA | |
| Extensión | 13 h. ; |
| Dimensiones | 26 cm. |
| 852 ## - LOCALIZACIÓN | |
| Ubicación | ES-MaACL |
| Número de control de estantería | 2012-F-22 |
| Sublocalización o colección | R.44116 |
| Estatus retirado | Estado de pérdida | Estado de daño | No para préstamo | Colección | Biblioteca de origen | Biblioteca actual | Ubicación en estantería | Fecha de adquisición | Fuente de adquisición | Total de préstamos | Signatura topográfica completa | Código de barras | Visto por última vez | Precio de reemplazo | Tipo de ítem Koha |
|---|---|---|---|---|---|---|---|---|---|---|---|---|---|---|---|
| Colección de folletos | Biblioteca del Ateneo de Madrid | Biblioteca del Ateneo de Madrid | Depósito folletos | 17/01/2008 | 2012-F-22 | 1026095 | 23/02/2023 | 23/02/2023 | Folleto |
